| 000 | 00794nam a22002537a 4500 | ||
|---|---|---|---|
| 005 | 20170123162313.0 | ||
| 010 | _aA-556072 | ||
| 020 | _c80.00 | ||
| 035 | _aA-556072 | ||
| 037 | _bCen Lib/Ret | ||
| 040 |
_aDPL _bUR |
||
| 082 |
_aک _bن ج م |
||
| 100 |
_aنجمہ انوارالحق _9108316 |
||
| 245 |
_aپھول کی زبانی / _cنجمہ انوارالحق _bکہانیاں / |
||
| 246 |
_aPhool ki zabani / _bby Najma Anwarulhaq |
||
| 260 |
_aلاہور _bپاکستان کوپراتیوسوسائٹی _c1992 |
||
| 270 | _bلاہور | ||
| 300 |
_a141p. _c19cm(Hb) |
||
| 650 |
_a ادب - اردو _9113034 |
||
| 650 |
_a اردو کہانیاں _9818 |
||
| 650 |
_aLiterature -- Urdu _9113035 |
||
| 650 |
_aUrdu stories _9113036 |
||
| 942 |
_2ddc _cUR _hک _mن ج م |
||
| 999 |
_c106545 _d106545 |
||